LEADER 01228nam 2200421 450 001 9910164215503321 005 20230809222718.0 010 $a1-4988-1528-6 035 $a(CKB)3710000001057519 035 $a(MiAaPQ)EBC4802779 035 $a(EXLCZ)993710000001057519 100 $a20170303h20172017 uy 0 101 0 $aeng 135 $aurcnu|||||||| 181 $2rdacontent 182 $2rdamedia 183 $2rdacarrier 200 10$aBaylisascariasis $eglobal status /$fStephen Berger, MD ; cover design by GIDEON Informatics, Inc 205 $a2017 edition. 210 1$aLos Angeles, California :$cGIDEON Informatics, Inc.,$d2017. 210 4$d©2017 215 $a1 online resource (17 pages) $ccolor illustrations, tables 225 1 $aGideon E-Book Series 410 0$aGideon e-book series. 606 $aParasitic diseases 606 $aBaylisascaris 615 0$aParasitic diseases. 615 0$aBaylisascaris. 676 $a616.96 700 $aBerger$b Stephen$01210032 712 02$aGideon Informatics, Inc., 801 0$bMiAaPQ 801 1$bMiAaPQ 801 2$bMiAaPQ 906 $aBOOK 912 $a9910164215503321 996 $aBaylisascariasis$93409976 997 $aUNINA LEADER 01121nam0 22002891i 450 001 UON00043161 005 20231205102154.913 100 $a20020107d1974 |0itac50 ba 101 $afre 102 $aFR 105 $a|||| 1|||| 200 1 $aMari capitale fabuleuse$fAndré Parrot 210 $aParis$cPayot$d1974 215 $a217 p.$cill.$d23 cm 410 1$1001UON00066577$12001 $aBibliothèque historique 606 $aArcheologia$xMesopotamia$xAssiria$xSiti$xMari$3UONC009110$2FI 606 $aMESOPOTAMIA$xSTORIA$xMARI$3UONC013904$2FI 620 $aFR$dParis$3UONL002984 686 $aMES X C$cMESOPOTAMIA - ARCHEOLOGIA - MONOGRAFIE (MONUMENTI, SITI, AREE)$2A 700 1$aPARROT$bAndré$3UONV007964$0343457 712 $aPayot$3UONV246197$4650 801 $aIT$bSOL$c20250509$gRICA 899 $aSIBA - SISTEMA BIBLIOTECARIO DI ATENEO$2UONSI 912 $aUON00043161 950 $aSIBA - SISTEMA BIBLIOTECARIO DI ATENEO$dSI MES X C 010 $eSI SEM2104 6 010 996 $aMari capitale fabuleuse$91158149 997 $aUNIOR